Statistics for US State Etymologies

Click here to take the quiz!

General Stats

  • This quiz has been taken 81 times
  • The average score is 8 of 15

Answer Stats

EnglishState% Correct
"Penn's Woods"Pennsylvania
97%
"Country of the Virgin"Virginia
94%
"Land of the Indians"Indiana
91%
"Red Island"Rhode Island
80%
"Green Mount"Vermont
75%
"Mountain"Montana
72%
"Great River"Mississippi
70%
"Flowery Easter"Florida
67%
"Snow-covered"Nevada
48%
"Red" or "Ruddy"Colorado
30%
"Red People"Oklahoma
26%
"Cloudy Water"Minnesota
20%
"Place of the Gods"Hawaii
16%
"Flattened Water"Nebraska
13%
"On the Prairie"Kentucky
7%

Score Distribution

Percentile by Number Answered

Percent of People with Each Score

Your Score History

You have not taken this quiz